Avantprojectes de la Comissió Jurídica Assessora
Descripción Física:
2 v. , 20 cm
MARC
| LEADER | 00000nam a2200000Ia 4500 | ||
|---|---|---|---|
| 001 | 613, 614 | ||
| 008 | 160829s1933 - 1934 xx 000 0 cat d | ||
| 080 | |a D-1-123, D-1-124 | ||
| 100 | |a Catalunya. Comissió Jurídica Assessora |9 34328 | ||
| 245 | |a Avantprojectes de la Comissió Jurídica Assessora | ||
| 260 | |a Barcelona : |b (Imp. de la Casa de Caritat), |c 1933 - 1934 | ||
| 300 | |a 2 v. , 20 cm | ||
| 490 | |a Publicacions del Departament de Justícia i Dret , 1 | ||
| 590 | |a Conté: v. 1 : Constitució interior. Llei municipal. Contractes de conreu; v. 2 : Tribunal de cassació, Referèndum, Llei electoral ... | ||
| 650 | |a Lleis |x Catalunya |9 34329 | ||
| 650 | |a Municipis |x Dret i legislació |x Catalunya |9 34330 | ||
| 901 | |a Arxiu | ||
| 942 | |n 1 | ||
| 952 | |0 0 |1 0 |4 0 |6 D1123_D1124 |7 1 |9 46467 |a Arxiu |b Arxiu |d 2016-12-01 |l 0 |o D-1-123, D-1-124 |p 613, 614 |r 2016-12-01 00:00:00 |w 2016-12-01 |y ARXIU | ||
| 999 | |c 50252 |d 50252 | ||